[Event "Bohumin op-A 6th"]
[Site "Bohumin"]
[Date "2023.07.06"]
[Round "6"]
[White "Rabatin, Jakub"]
[Black "Mroziak, Maciej"]
[Result "1/2-1/2"]
[WhiteElo "2273"]
[BlackElo "2338"]
[PlyCount "143"]
[EventDate "2023.07.01"]
[EventType "swiss"]
[EventRounds "9"]
[EventCountry "CZE"]
[SourceTitle "CBM 215 Extra"]
[Source "ChessBase"]
[SourceDate "2023.09.30"]
[SourceVersion "1"]
[SourceVersionDate "2023.09.30"]
[SourceQuality "1"]

1. e4 c5 2. Nf3 d6 3. d4 cxd4 4. Nxd4 Nf6 5. Nc3 g6 6. f3 Bg7 7. Be3 0-0 8. Qd2 Nc6 9. 0-0-0 d5 10. exd5 Nxd5 11. Nxc6 bxc6 12. Bd4 e5 13. Bc5 Be6 14. Ne4 Re8 15. h4 h6 16. h5 g5 17. g4 Qc7 18. Bc4 Red8 19. Qf2 a5 20. Rd2 a4 21. a3 Rab8 22. Rhd1 Qb7 23. c3 Qc7 24. Ba2 Bf8 25. Bxf8 Rxf8 26. Qc5 Rb5 27. Qd6 Qxd6 28. Nxd6 Rbb8 29. Bb1 Ne7 30. Re1 f6 31. Bc2 Bd5 32. Re3 Bb3 33. c4 Bxc2 34. Kxc2 c5 35. Ne4 Nc6 36. Nxc5 Nd4+ 37. Kd1 Rbc8 38. Nxa4 Rxc4 39. Nc3 f5 40. Rdd3 fxg4 41. fxg4 Rf2 42. b4 Rf1+ 43. Re1 Rxe1+ 44. Kxe1 Nc2+ 45. Kd2 Nxa3 46. Nd5 Nb5 47. Ne7+ Kf7 48. Nf5 Rxb4 49. Nxh6+ Kf6 50. Rf3+ Rf4 51. Rb3 Nd4 52. Rb6+ Ke7 53. Ke3 Nc2+ 54. Kd3 Nb4+ 55. Ke2 Nd5 56. Nf5+ Kf7 57. Rb7+ Kf6 58. Nh6 Rb4 59. Ng8+ Ke6 60. Rxb4 Nxb4 61. h6 Kf7 62. h7 Kg7 63. Nf6 Na6 64. Kd3 Nc5+ 65. Kc4 Ne6 66. Kd5 Nf8 67. Kxe5 Nxh7 68. Nxh7 Kxh7 69. Kf5 Kh6 70. Kf6 Kh7 71. Kxg5 Kg7 72. Kf5 1/2-1/2

[Event "Bohumin op-A 6th"]
[Site "Bohumin"]
[Date "2023.07.05"]
[Round "5"]
[White "Rabatin, Jakub"]
[Black "Akash, G."]
[Result "0-1"]
[WhiteElo "2273"]
[BlackElo "2461"]
[PlyCount "98"]
[EventDate "2023.07.01"]
[EventType "swiss"]
[EventRounds "9"]
[EventCountry "CZE"]
[SourceTitle "CBM 215 Extra"]
[Source "ChessBase"]
[SourceDate "2023.09.30"]
[SourceVersion "1"]
[SourceVersionDate "2023.09.30"]
[SourceQuality "1"]

1. e4 e5 2. Nf3 Nc6 3. Bb5 a6 4. Ba4 d6 5. c3 Bd7 6. 0-0 g6 7. d4 Bg7 8. Be3 Nf6 9. Nbd2 Ng4 10. Bg5 f6 11. Bh4 Qe7 12. h3 Nh6 13. Re1 Nf7 14. Nf1 b5 15. Bb3 Na5 16. Bc2 Nc4 17. b3 Nb6 18. Ne3 0-0 19. a4 bxa4 20. bxa4 a5 21. Bb3 Bc6 22. Qc2 Kh8 23. Nd5 Nxd5 24. exd5 Bd7 25. dxe5 dxe5 26. Nd4 Nd8 27. Bg3 Qc5 28. Ne6 Bxe6 29. dxe6 Re8 30. Rad1 Nxe6 31. Qa2 Ra6 32. Bc4 Rd6 33. Rb1 Qa7 34. Red1 Nc5 35. Bb5 Red8 36. Rxd6 cxd6 37. Qd5 Qe7 38. f3 e4 39. Rd1 e3 40. Kf1 Nxa4 41. Qd4 Nb2 42. Re1 f5 43. Qb6 Qf8 44. Rxe3 Nd1 45. Rd3 Nxc3 46. Bxd6 Qf6 47. Bc4 Ne4 48. Be6 Re8 49. Bd7 Qa1+ 0-1

[Event "Bohumin op-A 6th"]
[Site "Bohumin"]
[Date "2023.07.04"]
[Round "4"]
[White "Nguyen, Piotr"]
[Black "Rabatin, Jakub"]
[Result "1/2-1/2"]
[WhiteElo "2393"]
[BlackElo "2273"]
[PlyCount "79"]
[EventDate "2023.07.01"]
[EventType "swiss"]
[EventRounds "9"]
[EventCountry "CZE"]
[SourceTitle "CBM 215 Extra"]
[Source "ChessBase"]
[SourceDate "2023.09.30"]
[SourceVersion "1"]
[SourceVersionDate "2023.09.30"]
[SourceQuality "1"]

1. d4 Nf6 2. Nf3 g6 3. c4 Bg7 4. g3 0-0 5. Bg2 d6 6. Nc3 Nc6 7. 0-0 e5 8. dxe5 dxe5 9. Bg5 h6 10. Qxd8 Rxd8 11. Bxf6 Bxf6 12. Nd5 Kg7 13. Nxc7 Rb8 14. e4 g5 15. Nd5 g4 16. Ne1 h5 17. f3 Be7 18. Nd3 h4 19. b4 h3 20. Bh1 Be6 21. a3 b5 22. cxb5 Rxb5 23. fxg4 Bg5 24. Bf3 Nd4 25. Nc5 Bxd5 26. exd5 Be3+ 27. Kh1 Nxf3 28. Rxf3 Bxc5 29. bxc5 Rxc5 30. Raf1 Rd7 31. d6 e4 32. Rf4 Rxd6 33. Rxf7+ Kg6 34. Re7 Rc2 35. Rxe4 Rdd2 36. Re6+ Kg7 37. Re7+ Kg6 38. Re6+ Kg7 39. Re7+ Kg6 40. Re6+ 1/2-1/2

[Event "Teplice op"]
[Site "Teplice"]
[Date "2023.06.14"]
[Round "5"]
[White "Rabatin, Jakub"]
[Black "Rubes, Jan"]
[Result "1/2-1/2"]
[WhiteElo "2266"]
[BlackElo "2400"]
[PlyCount "74"]
[EventDate "2023.06.10"]
[EventType "swiss"]
[EventRounds "9"]
[EventCountry "CZE"]
[SourceTitle "CBM 214 Extra"]
[Source "ChessBase"]
[SourceDate "2023.07.31"]
[SourceVersion "1"]
[SourceVersionDate "2023.07.31"]
[SourceQuality "1"]

1. e4 e5 2. Nf3 Nc6 3. Nc3 Nf6 4. h3 Be7 5. d4 exd4 6. Nxd4 0-0 7. Nxc6 bxc6 8. e5 Ne8 9. Bd3 d6 10. Bf4 Rb8 11. b3 Rb4 12. Qd2 Rxf4 13. Qxf4 dxe5 14. Qa4 Nd6 15. 0-0-0 f5 16. g4 e4 17. Bc4+ Kh8 18. gxf5 Bxf5 19. Qxc6 Bh4 20. Kb1 Bd7 21. Qa6 Bxf2 22. Rxd6 cxd6 23. Nxe4 Bb6 24. Qb7 Qc7 25. Qxc7 Bxc7 26. Ng5 h6 27. Ne6 Bxe6 28. Bxe6 Ba5 29. Kb2 Rf3 30. a3 Bc3+ 31. Kb1 g5 32. Bg4 Re3 33. b4 Kg7 34. Rd1 Be5 35. Rd3 Re1+ 36. Rd1 Re3 37. Rd3 Re1+ 1/2-1/2

[Event "Mosty u Jablunkova op 20th"]
[Site "Mosty u Jablunkova"]
[Date "2023.05.27"]
[Round "7"]
[White "Plat, Vojtech"]
[Black "Rabatin, Jakub"]
[Result "1-0"]
[WhiteElo "2558"]
[BlackElo "2228"]
[PlyCount "53"]
[EventDate "2023.05.27"]
[EventType "swiss (rapid)"]
[EventRounds "9"]
[EventCountry "CZE"]
[SourceTitle "EXT 2024"]
[Source "ChessBase"]
[SourceDate "2023.10.10"]
[SourceVersion "1"]
[SourceVersionDate "2023.10.10"]
[SourceQuality "1"]

1. e4 c5 2. Nf3 d6 3. c3 Nf6 4. Bc4 e6 5. Qe2 Be7 6. Bb3 d5 7. e5 Nfd7 8. d4 Nc6 9. 0-0 g5 10. Rd1 h5 11. dxc5 g4 12. Nd4 Ncxe5 13. Bf4 Ng6 14. Bd6 Bxd6 15. cxd6 Kf8 16. c4 Nde5 17. cxd5 exd5 18. Nc3 Qxd6 19. Nxd5 Bd7 20. Rac1 Re8 21. Nc7 Nf4 22. Qe3 Nf3+ 23. Nxf3 Rxe3 24. Rxd6 Rxf3 25. gxf3 Ne2+ 26. Kf1 Nxc1 27. Rxd7 1-0

[Event "CZE-chT 2223"]
[Site "Czech Republic"]
[Date "2022.10.15"]
[Round "1.1"]
[White "Rabatin, Jakub"]
[Black "Simek, Petr1111"]
[Result "1/2-1/2"]
[WhiteElo "2275"]
[BlackElo "2323"]
[PlyCount "59"]
[EventDate "2022.10.15"]
[EventType "team-tourn"]
[EventRounds "11"]
[EventCountry "CZE"]
[SourceTitle "CBM 210 Extra"]
[Source "ChessBase"]
[SourceDate "2022.11.30"]
[SourceVersion "1"]
[SourceVersionDate "2022.11.30"]
[SourceQuality "1"]
[WhiteTeam "Frydek Mistek"]
[BlackTeam "Unichess"]
[WhiteTeamCountry "CZE"]
[BlackTeamCountry "CZE"]

1. d4 Nf6 2. c4 e6 3. Nf3 d5 4. Nc3 Bb4 5. e3 0-0 6. Bd2 b6 7. cxd5 exd5 8. Rc1 Bb7 9. Bd3 Re8 10. 0-0 Bf8 11. Ne5 c5 12. f4 Nc6 13. Ne2 Rc8 14. Be1 Ne4 15. Bxe4 dxe4 16. Nxf7 Kxf7 17. Qb3+ c4 18. Qxc4+ Kg6 19. f5+ Kh6 20. Bg3 Ne5 21. Qg8 Be7 22. Rxc8 Bxc8 23. Bf4+ Bg5 24. Bxg5+ Qxg5 25. Qxe8 Qxe3+ 26. Kh1 Qxe2 27. Ra1 Qxb2 28. Rf1 Qe2 29. Ra1 Qb2 30. Rf1 1/2-1/2

[Event "Pardubice Czech op-A 33rd"]
[Site "Pardubice"]
[Date "2022.07.26"]
[Round "5"]
[White "Koziorowicz, Michal"]
[Black "Rabatin, Jakub"]
[Result "1/2-1/2"]
[WhiteElo "2231"]
[BlackElo "2349"]
[PlyCount "120"]
[EventDate "2022.07.22"]
[EventType "swiss"]
[EventRounds "9"]
[EventCountry "CZE"]
[SourceTitle "CBM 209 Extra"]
[Source "ChessBase"]
[SourceDate "2022.09.30"]
[SourceVersion "1"]
[SourceVersionDate "2022.09.30"]
[SourceQuality "1"]

1. e4 c5 2. Nf3 Nc6 3. Bb5 e6 4. 0-0 Nge7 5. Re1 Nd4 6. Bf1 Nec6 7. c3 Nxf3+ 8. Qxf3 Be7 9. Na3 d5 10. d3 0-0 11. Bf4 a6 12. Nc2 d4 13. g3 e5 14. Bd2 Bg5 15. Qd1 Be6 16. Bg2 Bxd2 17. Qxd2 b5 18. Red1 Qd6 19. f4 f6 20. Qf2 Rab8 21. cxd4 cxd4 22. Qd2 Rfc8 23. Rdc1 b4 24. Ne1 a5 25. Bf3 a4 26. a3 Bb3 27. Bg4 Rc7 28. axb4 Nxb4 29. Rxc7 Qxc7 30. Rc1 Qd6 31. fxe5 fxe5 32. Bd1 h6 33. Nf3 Kh7 34. Nh4 Na2 35. Ra1 Qb4 36. Qe2 Bxd1 37. Rxd1 Qxb2 38. Qf3 Qb6 39. Qf5+ Kg8 40. Rf1 Nc3 41. Qf7+ Kh7 42. Qf5+ Kg8 43. Qd7 Rd8 44. Qf7+ Kh7 45. Qf5+ Kg8 46. Qxe5 Qd6 47. Qa5 Rf8 48. Nf5 Qd7 49. Qc5 Rf6 50. Re1 Kh7 51. Nxd4 Rd6 52. Qxc3 Rxd4 53. Re3 Qa7 54. Kg2 a3 55. Re1 a2 56. Ra1 Ra4 57. e5 Qb7+ 58. Kf2 Qd5 59. d4 Rxd4 60. Qc2+ Qe4 1/2-1/2

[Event "CZE-chT 2122"]
[Site "Czech Republic"]
[Date "2022.02.13"]
[Round "10.2"]
[White "Bartel, Mateusz"]
[Black "Rabatin, Jakub"]
[Result "1-0"]
[WhiteElo "2597"]
[BlackElo "2337"]
[PlyCount "85"]
[EventDate "2021.10.15"]
[EventType "team-tourn"]
[EventRounds "15"]
[EventCountry "CZE"]
[SourceTitle "EXT 2023"]
[Source "ChessBase"]
[SourceDate "2022.10.05"]
[SourceVersion "1"]
[SourceVersionDate "2022.10.05"]
[SourceQuality "1"]
[WhiteTeam "Novoborsky"]
[BlackTeam "Frydek Mistek II"]
[WhiteTeamCountry "CZE"]
[BlackTeamCountry "CZE"]

1. e4 c5 2. Nf3 d6 3. d4 cxd4 4. Nxd4 Nf6 5. Nc3 Nc6 6. Bg5 e6 7. Bb5 Bd7 8. 0-0 Be7 9. Bxc6 Bxc6 10. Qd3 0-0 11. Rfd1 Qa5 12. Qd2 Qb6 13. a4 Rfd8 14. a5 Qc7 15. Qe2 h6 16. Bh4 a6 17. Bg3 Be8 18. e5 dxe5 19. Bxe5 Qc5 20. Nb3 Qb4 21. Bc7 Rxd1+ 22. Rxd1 Qg4 23. Qxg4 Nxg4 24. Ne4 Rc8 25. Bd6 Kf8 26. Nd4 Bxd6 27. Nxd6 Rc7 28. c4 Ke7 29. b4 Ne5 30. c5 Nc6 31. Nxc6+ Bxc6 32. f4 Rd7 33. Kf2 Rd8 34. g3 g5 35. f5 Rh8 36. Ke3 h5 37. Kd4 g4 38. Rf1 Bf3 39. h4 Rh6 40. Re1 Rf6 41. Ke5 Rh6 42. f6+ Kf8 43. b5 1-0

[Event "CZE-chT 2122"]
[Site "Czech Republic"]
[Date "2021.10.16"]
[Round "1.1"]
[White "Rabatin, Jakub"]
[Black "Burdalev, Kirill"]
[Result "1/2-1/2"]
[WhiteElo "2337"]
[BlackElo "2374"]
[PlyCount "145"]
[EventDate "2021.10.15"]
[EventType "team-tourn"]
[EventRounds "15"]
[EventCountry "CZE"]
[SourceTitle "CBM 204 Extra"]
[Source "ChessBase"]
[SourceDate "2021.11.30"]
[SourceVersion "1"]
[SourceVersionDate "2021.11.30"]
[SourceQuality "1"]
[WhiteTeam "Frydek Mistek II"]
[BlackTeam "Praha Dopravni Podnik"]
[WhiteTeamCountry "CZE"]
[BlackTeamCountry "CZE"]

1. e4 e5 2. Nf3 Nc6 3. Bb5 Nf6 4. 0-0 Nxe4 5. d4 Nd6 6. Bxc6 dxc6 7. dxe5 Nf5 8. Qxd8+ Kxd8 9. Nc3 Ke8 10. Ne2 Be7 11. h3 h5 12. Bg5 f6 13. Bf4 Bd8 14. Rfe1 Kf7 15. Ned4 Nxd4 16. Nxd4 Re8 17. exf6 Rxe1+ 18. Rxe1 gxf6 19. f3 h4 20. Be3 c5 21. Ne2 b6 22. Bf2 f5 23. Nf4 Bd7 24. Nd3 Bf6 25. Ne5+ Bxe5 26. Rxe5 Rh8 27. Be3 Rg8 28. Bf4 Be6 29. a3 c4 30. Re2 c6 31. Kf2 Bd5 32. c3 Be6 33. Rd2 Bd5 34. Kf1 Kf6 35. Be3 Re8 36. Bf4 Rg8 37. Rd4 Rh8 38. Be3 Rh7 39. Ke2 Kg6 40. Bf2 Kg5 41. Be3+ Kg6 42. Kf2 Rh8 43. Rd2 Rg8 44. Re2 Kf7 45. Bd4 Be6 46. Ke3 Rg6 47. Kf4 Bd7 48. Be3 Be6 49. Bd2 Kf6 50. Be1 Rh6 51. Rd2 Bd5 52. Bf2 Rh5 53. Bd4+ Kf7 54. Re2 Be6 55. Be5 b5 56. Bd4 a5 57. Ke5 Rh6 58. Bf2 Bd7 59. Rd2 Ke7 60. Kf4 Rh5 61. Rd4 Ke6 62. Ke3 Rg5 63. Rxh4 Rxg2 64. Rh7 Be8 65. h4 f4+ 66. Ke2 Bg6 67. Rh6 Kf7 68. Kf1 Rxf2+ 69. Kxf2 Kg7 70. Rxg6+ Kxg6 71. Kg2 Kh5 72. Kh3 c5 73. Kg2 1/2-1/2

[Event "Pardubice Czech op-A 32nd"]
[Site "Pardubice"]
[Date "2021.07.25"]
[Round "3"]
[White "Rabatin, Jakub"]
[Black "Zwardon, Vojtech"]
[Result "0-1"]
[WhiteElo "2316"]
[BlackElo "2466"]
[PlyCount "128"]
[EventDate "2021.07.23"]
[EventType "swiss"]
[EventRounds "9"]
[EventCountry "CZE"]
[SourceTitle "CBM 203 Extra"]
[Source "ChessBase"]
[SourceDate "2021.09.30"]
[SourceVersion "1"]
[SourceVersionDate "2021.09.30"]
[SourceQuality "1"]

1. e4 c5 2. Nf3 Nc6 3. Bb5 g6 4. 0-0 Bg7 5. c3 Nf6 6. Re1 0-0 7. h3 e5 8. d4 cxd4 9. cxd4 exd4 10. e5 Nd5 11. Bg5 Qb6 12. Na3 h6 13. Bd2 a6 14. Bxc6 dxc6 15. Nc4 Qa7 16. Qc1 h5 17. Bh6 c5 18. Nd6 b6 19. Bxg7 Kxg7 20. Qg5 Qe7 21. Qg3 Be6 22. Nh4 Kh7 23. f4 Rg8 24. Ne4 Kh6 25. Rf1 Rad8 26. Rae1 c4 27. Nf6 Nxf6 28. Qg5+ Kh7 29. exf6 Qf8 30. Nf3 d3 31. Qh4 Kh8 32. Re5 Rd5 33. Rfe1 Qh6 34. Ng5 Rxe5 35. fxe5 Rc8 36. Qf4 Qf8 37. Kh2 Kg8 38. Rf1 Rc7 39. a3 b5 40. h4 Rd7 41. Ne4 Rd5 42. Rf2 a5 43. Nd6 Kh7 44. a4 bxa4 45. Ne4 a3 46. bxa3 Kg8 47. Rb2 Rd4 48. Qe3 Rxe4 49. Qxe4 c3 50. Rb6 d2 51. Rd6 Bg4 52. Qc2 Kh7 53. Qxc3 Qxd6 54. exd6 d1Q 55. Qc7 Be6 56. Qe7 g5 57. Qf8 Kg6 58. Qg7+ Kf5 59. Qxg5+ Ke4 60. Qxa5 Qxd6+ 61. Kh1 Qd1+ 62. Kh2 Qd5 63. Qe1+ Kf5 64. Qf2+ Ke5 0-1

[Event "EU-ch qual Online"]
[Site "Tornelo INT"]
[Date "2020.12.18"]
[Round "6"]
[White "Babazada, Khazar Araz"]
[Black "Rabatin, Jakub"]
[Result "1-0"]
[WhiteElo "2409"]
[BlackElo "2316"]
[PlyCount "83"]
[EventDate "2020.12.18"]
[EventType "swiss"]
[EventRounds "11"]
[EventCountry "POL"]
[SourceTitle "CBM 199 Extra"]
[Source "ChessBase"]
[SourceDate "2021.01.31"]
[SourceVersion "1"]
[SourceVersionDate "2021.01.31"]
[SourceQuality "1"]

1. e4 c5 2. Nf3 Nc6 3. d4 cxd4 4. Nxd4 e5 5. Nb3 Nf6 6. Nc3 Bb4 7. f3 d5 8. Bd2 Bxc3 9. Bxc3 dxe4 10. Qxd8+ Kxd8 11. 0-0-0+ Kc7 12. Bb5 Re8 13. Rhe1 Bd7 14. fxe4 a6 15. Bc4 Be6 16. Bxe6 Rxe6 17. Nc5 Re7 18. Rd2 b6 19. Nd3 Rd8 20. h3 h5 21. Rf2 Nd4 22. g4 hxg4 23. hxg4 Nxg4 24. Rg2 Nf6 25. Rxg7 Nh5 26. Rg4 f6 27. Kb1 Rg7 28. Rxg7+ Nxg7 29. Nb4 Rd6 30. Nd5+ Kc6 31. Rh1 Ne2 32. Bb4 Re6 33. Rh7 Ne8 34. Ne7+ Kb5 35. a3 a5 36. Bd2 Ng3 37. b3 Nxe4 38. a4+ Ka6 39. Be3 Ng5 40. Bxg5 fxg5 41. Nc8 Nc7 42. Rxc7 1-0